000 01352cam a2200349 a 4500
999 _c57671
_d57671
001 2105434
005 20201217121533.0
008 960213s2006 mdua 001 0 eng
010 _a 96010269
020 _a0683182099 (v. 2)
040 _aDNLM/DLC
_cDLC
_dDLC
041 1 _aeng
_hger
050 0 0 _aQM25
_b.A7913 1997
060 1 0 _aQS 17 A88125 1996a
080 _a611 (84.4) S-70
245 1 0 _aSobotta atlas of human anatomy.
246 3 0 _aAtlas of human anatomy : volume 2
250 _a14th English ed., nomenclature in English /
_bedited by R. Putz, R. Pabst ;
260 _aMunchen :
_bELSEVIER,
_c2006.
300 _a399 p.
_bill. (some col.) ;
_c28 cm.
650 0 _aHuman anatomy
_vAtlases.
_97218
650 1 2 _aAnatomy, Regional
_xatlases.
_99225
653 _aანატომია
653 _aმედიცინა
653 _aადამიანის ანატომია
700 1 _aSobotta, Johannes,
_d1869-1945.
_eავტორი
_99373
700 1 _aPutz, Reinhard.
_eრედაქტორი
_99374
700 1 _aPabst, Reinhard,
_cDr. med.
_eრედაქტორი
_99375
906 _a7
_bcbc
_corignew
_d1
_eocip
_f19
_gy-gencatlg
942 _2udc
_cBK
955 _apc19 to NLM 02-13-96; YN05 to ASCD 02-21-96; jc02 02-22-96; jc13 02-23-96; CIP ver. yg05 02-10-97; v. 2 added jc14 07-09-97